Vista normal
Vista MARC
Entrada Personal Name
Número de registros utilizados en: 1
001 - CONTROL NUMBER
- control field: 12747
003 - CONTROL NUMBER IDENTIFIER
- control field: DLC
005 - DATE AND TIME OF LATEST TRANSACTION
- control field: 20220610160254.0
008 - FIXED-LENGTH DATA ELEMENTS
- fixed length control field: 940209n| azannaabn |a aaa
010 ## - LIBRARY OF CONGRESS CONTROL NUMBER
- LC control number: n 94013114
035 ## - SYSTEM CONTROL NUMBER
- System control number: (OCoLC)oca03544986
040 ## - CATALOGING SOURCE
- Original cataloging agency: DLC
- Language of cataloging: spa
- Description conventions: rda
- Transcribing agency: Mx-PuUPA
- Modifying agency: DLC
- Modifying agency: OCoLC
- Modifying agency: DNLM
- Modifying agency: Mx-PuUPA
046 ## - SPECIAL CODED DATES
- Birth date: 1951
- Source of date scheme: edtf
100 1# - HEADING--PERSONAL NAME
- Personal name: Campos Navarro, Roberto,
- Dates associated with a name: 1951-
374 ## - OCCUPATION
- Occupation: Autor
375 ## - GENDER
- Gender: hombre
377 ## - ASSOCIATED LANGUAGE
- Language code: spa
400 1# - SEE FROM TRACING--PERSONAL NAME
- Personal name: Campos, Roberto,
- Dates associated with a name: 1951-
400 1# - SEE FROM TRACING--PERSONAL NAME
- Personal name: Navarro, Roberto Campos
- Dates associated with a name: 1951-
670 ## - SOURCE DATA FOUND
- Source citation: La Antropología médica en México, 1992:
- Information found: t.p. (Roberto Navarro Campos) cover (Roberto Campos)
670 ## - SOURCE DATA FOUND
- Source citation: His Nosotros los curanderos, 1997:
- Information found: t.p. (Roberto Campos-Navarro) cover p. 4 (Roberto Campos Navarro, b. Aguascalientes 1951; medical doctor with doctorate in social anthropology)